000 00633nam a2200205Ia 4500
005 20230518094349.0
008 131103s9999 xx 000 0 und d
020 _a13752683 0
040 _aLoreto College
041 _aEnglish
082 _a823.91
_bLAW-KIN
245 _aTwentieth century interpretations of the rainbow
_b a collection of critical essays
_cedited by Mark Kinkead - Weekes
260 _aEnglewood Cliff
_bPrentice - Hall
_c1971
300 _aiii,124 p.
504 _aIncludes bibliographical references
650 _aEnglish Fiction
700 _aKinkead - Weekes,Mark,ed.
850 _aLCLIB
942 _cBK
999 _c4972
_d55451